000 00834nam a22002177a 4500
003 OSt
005 20250219131628.0
008 231111b ||||| |||| 00| 0 eng d
040 _c0
082 _aDPer 370.763 So131 January-December 2022 v.113 n. 1-6
100 _aAn, Sohyun.
_eauthor.
_949903
245 _aSelective (un)telling of difficult knowledge of U.S. Wars in children's literature :
_bthe Korean War as a case study /
_cSohyun An.
260 _aPhiladelphia ;
_bTaylor & Francis Group,
_cMarch-April 2022.
300 _avolume 113 pages 68-80,
_billustration.
500 _aThe Social Studies, v. 113, no. 2, pages 68-80, March-April 2022.
650 _aKorean war.
_949904
650 _aChildren's literature.
_949905
650 _aTeaching.
_949906
700 _aAn, Sohyun.
_eauthor.
_949903
942 _2ddc
_cPER
999 _c18404
_d18404